| 000 | 00566nam a2200217Ia 4500 | ||
|---|---|---|---|
| 003 | OSt | ||
| 005 | 20260224113317.0 | ||
| 008 | 210210b1957 xxu||||| |||| 00| 0 eng d | ||
| 040 | _cAL | ||
| 041 | _aHindi | ||
| 082 | _a861/100 | ||
| 100 |
_aKHALEEL (Jibran) _dखलील जिब्रान _9256493 |
||
| 245 |
_aHirey Aur Moti _bहीरे और मोती |
||
| 260 |
_aIllAhAbAd _b- _c1957 |
||
| 650 |
_amOti _9256494 |
||
| 650 |
_aHIre _9256495 |
||
| 650 |
_aaur _9256496 |
||
| 690 |
_aHindi Poetry _9256497 |
||
| 906 | _a023120 | ||
| 942 |
_2ddc _cBK |
||
| 999 |
_c148022 _d148022 |
||